000 00420nam a2200157 i 4500
001 24188
003 ES-MaACL
005 20230906153014.0
007 t|
008 021216s1973 sp ||||1| spa d
100 1 _aAndrés, Rafael de.
_921584
245 1 0 _aCartas boca arriba /
_cRafael de Andrés, S.J.
260 _aMadrid :
_bStudium,
_c[1973]
300 _a365 p. ;
_c19 cm.
852 _aES-MaACL
_jC-54118
_bR.86687
999 _c24188
_d24188